Essential idioms in English

সংরক্ষণ করুন:
গ্রন্থ-পঞ্জীর বিবরন
প্রধান লেখক: Robert J Dixon
বিন্যাস: গ্রন্থ
ভাষা:Undetermined
প্রকাশিত: New York Regents 1951
বিষয়গুলি:
ট্যাগগুলো: ট্যাগ যুক্ত করুন
কোনো ট্যাগ নেই, প্রথমজন হিসাবে ট্যাগ করুন!
Thư viện lưu trữ: Trung tâm Học liệu Trường Đại học Cần Thơ
LEADER 00473nam a2200181Ia 4500
001 CTU_292
008 210402s9999 xx 000 0 und d
082 |a 425.076 
082 |b D621 
100 |a Robert J Dixon 
245 0 |a Essential idioms in English 
245 0 |c Robert J Dixon 
260 |a New York 
260 |b Regents 
260 |c 1951 
650 |a english language - idioms 
904 |i Minh,960720 
980 |a Trung tâm Học liệu Trường Đại học Cần Thơ